|
|
|
|
| LEADER |
01672nam a2200397 i 4500 |
| 001 |
EBC5995510 |
| 003 |
MiAaPQ |
| 005 |
20200529142930.0 |
| 006 |
m o d | |
| 007 |
cr cnu|||||||| |
| 008 |
200529s2018 quc ob 000 0 fre d |
| 020 |
|
|
|z 9782760548626
|
| 020 |
|
|
|a 9782760548633
|q (electronic bk.)
|
| 035 |
|
|
|a (MiAaPQ)EBC5995510
|
| 035 |
|
|
|a (Au-PeEL)EBL5995510
|
| 035 |
|
|
|a (OCoLC)1132424161
|
| 040 |
|
|
|a MiAaPQ
|b eng
|e rda
|e pn
|c MiAaPQ
|d MiAaPQ
|
| 050 |
|
4 |
|a HG4027.7
|b .S7 2018
|
| 082 |
0 |
|
|a 658.1592
|2 23
|
| 100 |
1 |
|
|a St. Pierre, Josee,
|e author.
|
| 245 |
1 |
0 |
|a Gestion financiere des PME :
|b theories et pratiques /
|c Josee St-Pierre.
|
| 250 |
|
|
|a 2e edition.
|
| 264 |
|
1 |
|a Quebec, Quebec :
|b Presses de l'Universite du Quebec,
|c [2018]
|
| 264 |
|
4 |
|c 2018
|
| 300 |
|
|
|a 1 online resource (xxx, 549 pages)
|
| 336 |
|
|
|a text
|b txt
|2 rdacontent
|
| 337 |
|
|
|a computer
|b c
|2 rdamedia
|
| 338 |
|
|
|a online resource
|b cr
|2 rdacarrier
|
| 504 |
|
|
|a Includes bibliographical references (pages [523]-549).
|
| 588 |
|
|
|a Description based on print version record.
|
| 590 |
|
|
|a Electronic reproduction. Ann Arbor, MI : ProQuest, 2018. Available via World Wide Web. Access may be limited to ProQuest affiliated libraries.
|
| 650 |
|
0 |
|a Small business
|x Finance.
|
| 655 |
|
4 |
|a Electronic books.
|
| 776 |
0 |
8 |
|i Print version:
|a St. Pierre, Josee.
|t Gestion financiere des PME : theories et pratiques.
|b 2e edition.
|d Quebec, Quebec : Presses de l'Universite du Quebec, c2018
|h xxx, 549 pages
|z 9782760548626
|w (DLC) 2017433518
|
| 797 |
2 |
|
|a ProQuest (Firm)
|
| 856 |
4 |
0 |
|u https://ebookcentral.proquest.com/lib/matrademy/detail.action?docID=5995510
|z Click to View
|